000 00801nam a2200145Ia 4500
008 151213s9999 xx 000 0 und d
100 _aমো: আলতাুফ হোসেন। এম, গোলাম আযম, মিসেস নাজনীন আলতাফ
245 _aস্ক্ষ্যা আইন
_cমো: আলতাুফ হোসেন। এম, গোলাম আযম, মিসেস নাজনীন আলতাফ
260 _aDhaka
_b’ল’ বুক প্যাভিলিয়ন জলিল বুক সেন্টার
_c2005
300 _a5808 p.
650 _aLaw
650 _aLaw
700 _aমো: আলতাুফ হোসেন। এম, গোলাম আযম, মিসেস নাজনীন আলতাফ
999 _c3388
_d3388